Ultra City Puzzle - Statistics

General Stats
  • This quiz has been taken 51 times
  • The average score is 22 of 29
Answer Stats
Hint Answer % Correct
Location of Big Ben London
100%
Turkish transcontinental city Istanbul
95%
Location of the invention of pizza Naples
95%
Bulgarian capital Sofia
95%
City #1 Lisbon
92%
Holiest city in Islam Mecca
90%
________ sprouts Brussels
87%
Capital of Victoria, Australia Melbourne
85%
“The City That Never Sleeps” New York City
85%
Egyptian city famous for an ancient library Alexandria
82%
City with a name meaning “Good Airs” Buenos Aires
82%
Largest Kenyan city Nairobi
82%
Major Ukrainian port city Odessa
82%
Site of the world’s busiest airport Atlanta
77%
Largest Kiwi city Auckland
77%
Capital with the highest elevation La Paz
74%
Final city Lima
74%
City #4 Albany
72%
Paraguayan capital Asuncion
72%
Mali’s capital Bamako
72%
City #3 Mumbai
72%
Capital of Eritrea Asmara
67%
City also known as Krung Thep Bangkok
67%
Largest Tanzanian metropolitan area Dar es Salaam
67%
City #2 Ibadan
64%
Largest city in Xinjiang Urumqi
54%
Capital of Persia during the Safavid dynasty Isfahan
38%
Arizona city, “the Sunniest City on Earth” Yuma
33%
Capital of Kwara State, Nigeria Ilorin
23%
No matching quizzes found
Score Distribution
Percent of People with Each Score
Percentile by Number Answered
Your Score History
You have not taken this quiz